BUBT Library Online Catalog

বাংলাদেশ মুক্তিযুদ্ধ জ্ঞানকোষ ৯ম খণ্ড / (Record no. 6448)

000 -LEADER
fixed length control field 00800nam a22001937a 4500
003 - CONTROL NUMBER IDENTIFIER
control field BUBTL
008 - FIXED-LENGTH DATA ELEMENTS--GENERAL INFORMATION
fixed length control field 210215b xxu||||| |||| 00| 0 eng d
020 ## - INTERNATIONAL STANDARD BOOK NUMBER
International Standard Book Number 9789843492685
082 ## - DEWEY DECIMAL CLASSIFICATION NUMBER
Classification number 954.92 / H26b
100 ## - MAIN ENTRY--PERSONAL NAME
9 (RLIN) 3874
Personal name হারুন-অর-রাশিদ
245 ## - TITLE STATEMENT
Title বাংলাদেশ মুক্তিযুদ্ধ জ্ঞানকোষ ৯ম খণ্ড /
Statement of responsibility, etc. হারুন-অর-রাশিদ
260 ## - PUBLICATION, DISTRIBUTION, ETC. (IMPRINT)
Place of publication, distribution, etc. ঢাকা :
Name of publisher, distributor, etc. বাংলাদেশ এশিয়াটিক সোসাইটি,
Date of publication, distribution, etc. c2020.
300 ## - PHYSICAL DESCRIPTION
Extent 455 p. :
Dimensions 25 cm.
Other physical details ill. ;
650 #0 - SUBJECT ADDED ENTRY--TOPICAL TERM
9 (RLIN) 1755
Topical term or geographic name as entry element মুক্তিযুদ্ধ
700 ## - ADDED ENTRY--PERSONAL NAME
9 (RLIN) 3875
Personal name মিয়া, সাজাহান
856 ## - ELECTRONIC LOCATION AND ACCESS
Password 0
Logon 0
Link text Download
942 ## - ADDED ENTRY ELEMENTS (KOHA)
Source of classification or shelving scheme
Koha item type Books
Holdings
Withdrawn status Lost status Source of classification or shelving scheme Damaged status Not for loan Collection code Permanent location Current location Shelving location Date acquired Source of acquisition Inventory number Total Checkouts Full call number Barcode Date last seen Copy number Price effective from Koha item type
        Not For Loan Historical Books Bangladesh University of Business and Technology Library Bangladesh University of Business and Technology Library Historical Books 02/14/2021 Purchase 27738   954.92 / H26b BUBTL-200327738 02/15/2021 C-1 02/15/2021 Books

More Information About Library

Library Hours

  • Open: 9.00 am. to 9.00 pm.
  • Only Sunday: 9.00 am. to 6.00 pm.
  • Closed: Holiday

Contact to the University

Bangladesh University of Business and Technology Library

  • Mirpurl-2, 1216.
  • Phone:
  • Fax:
  • E-Mail: admin.library@bubt.edu.bd

Contact to the Library

Contact Person:

Md. Abdul Hakim Shah
Joint Librarian
PABX No:  113
Cell No: 01816332931
E-mail: official: admin.library@bubt.edu.bd
Personal: hakim.shah@bubt.edu.bd


BUBT Library

Copyright © 2021